América latina, una y diversa: método para su análisis /

Kaydedildi:
Detaylı Bibliyografya
Yazar: Cairo, Heriberto
Diğer Yazarlar: comp. Sierra, Gerónimo de comp
Materyal Türü: Metin
Baskı/Yayın Bilgisi: ALMA MATER
Konular:
Etiketler: Etiketle
Etiket eklenmemiş, İlk siz ekleyin!

MARC

LEADER 00000 a a2200000 04500
001 38010
003
040
020 |a 9968-9514  
090 |a AL 0003 C136a  
100 |a Cairo, Heriberto  
245 |a América latina, una y diversa: método para su análisis /  |c Heriberto Cairo 
260 |a ALMA MATER  
300 |a 287 p.  
650 |a METODOLOGIA  
650 |a TEORIA  
650 |a HISTORIA  
650 |a POLITICA  
650 |a AMERICA LATINA  
700 |a comp.   |a Sierra, Gerónimo de   |a comp.  
999 |c 8711  |d 8711